000 005320000a22002050004500
003 LK-CoMWRAF
005 20231023132028.0
008 230817t ||||| |||| 00| 0 eng d
020 _a8178980789
040 _aLK-CoMWRAF
_dLK-CoMWRAF
_eLK-CoMWRAF
041 _aeng
082 _a297.4
_bKHA
100 _aKhan, Saniyasnain
245 _aGoodword Islamic studies :
_bA graded course
260 _aNew Delhi :
_bGoodword,
_c2003
300 _a52p
490 _aGraded course - Grade 2
650 _aIslamic studies
942 _cBK
999 _c852
_d852